Kath and Kim characters - Statistics

General Stats
  • This quiz has been taken 48 times
  • The average score is 13 of 16
Answer Stats
Picture Answer % Correct
Kath
100%
Kim
100%
Sharon
100%
Brett
97%
Kel
97%
Trude
87%
Prue
84%
Cujo
82%
Marion
79%
Epponnee-Rae
71%
Gary
71%
Sandy
71%
Kelly
66%
Karen
63%
Mandy
61%
Mark
58%
No matching quizzes found
Score Distribution
Percent of People with Each Score
Percentile by Number Answered
Your Score History
You have not taken this quiz